00540 a2200157 4500001001000000005001700010008004100027245010000068100001900168700001900187700002000206700002100226700002600247773009200273999001700365ART_4507720260410162038.0260409a 10aLa pobreza: en el encuentro del ordenamiento territorial y la lucha contra la desertificación1 aAbraham, Elena1 aLaurelli, Elsa1 aMontaña, Elma1 aPastor, Gabriela1 aTorres, Laura María0 tRevista de estudios regionales y mercado de trabajog- N° 3 (ene./dic. 2007)wREV44894 c34647d34647